000 00923nam a22002897a 4500
001 7295
003 FISKH
005 20250708152830.0
008 250708b cb ||||| |||| 00| 0 eng d
020 _a9780516230641
040 _aFISKH
_beng
_cFISKH
_dFISKH
050 _aPZ7
082 _a428.6635
100 _aBuxton, Jane
245 _aLeaves, fruits, seeds and roots /
_cby Jane Buxton
250 _aThis edition published in 1997.
260 _aWellington :
_bLearning Media,
_c1996
300 _a10 pages :
_bcolor illustrations ;
_c16 x 18 cm
490 _aWelcome books:
505 _aG
520 _aDiscusses different types of edible plants, fruit and vegetables which can be grown in the garden. Suggested level: junior.
521 8 _a300
_bLexile estimate
521 8 _aG
_bRaz-Plus
650 _aScience for kids
_vNonfiction
_xPlant parts
942 _2ddc
_cBK
_n0
999 _c7295
_d7295